书目信息 |
| 题名: |
固体物理学
|
|
| 作者: | 陆栋 , 方俊鑫 主编 | |
| 分册: | 下册 | |
| 出版信息: | 上海 上海科学技术出版社 1981 |
|
| 页数: | 449页 | |
| 开本: | 21cm | |
| 丛书名: | ||
| 单 册: | ||
| 中图分类: | O48 | |
| 科图分类: | ||
| 主题词: | 固体物理学 | |
| 电子资源: | ||
| ISBN: | ||
| 000 | 00639nam0 2200241 45 | |
| 001 | 0180005277 | |
| 005 | 20060815175723.48 | |
| 010 | @dCNY1.60 | |
| 091 | @a13119.949 | |
| 100 | @a19950623d1981 em y0chiy0121 ea | |
| 101 | 0 | @achi |
| 102 | @aCN@b310000 | |
| 105 | @ay z 000yy | |
| 200 | 10 | @a固体物理学@h下册@Agu ti wu li xue@f方俊鑫,陆栋主编@FFang Jun Xin,Lu Dong Zhu Bian |
| 210 | @a上海@c上海科学技术出版社@d1981 | |
| 215 | @a449页@d21cm | |
| 606 | @a固体物理学 | |
| 690 | @aO48@v3 | |
| 701 | 0 | @a陆栋@4主编 |
| 701 | 0 | @a方俊鑫@4主编 |
| 801 | 2 | @aCN@bNLC@c20060815 |
| 801 | 0 | @aCN@b上海图书馆@c20040518 |
| 905 | @dO48@e11:2 | |
| 固体物理学.下册/方俊鑫,陆栋主编.-上海:上海科学技术出版社,1981 |
| 449页;21cm |
| ISBN :CNY1.60 |
| ● |
| 相关链接 |
|
|
|
|
正题名:固体物理学
索取号:O48/11:2
 
预约/预借
| 序号 | 登录号 | 条形码 | 馆藏地/架位号 | 状态 | 备注 |
| 1 | 0461773 | 204617735 | 密集书库/ [索取号:O48/11:2] | 在馆 |